Principy nástroje affiliate programu

Čo je affiliate marketing. Inzeráty a reklama na internete. Odmeny za klikanie na reklamy. Affiliate partneri ako obchodný tím. Chyby, ktorých sa dopúšťajú inzerenti v affiliate programe. Čo chýba na českom trhu.

Na minha lista:
Detalhes bibliográficos
Autor principal: Hejnic, Vladan
Formato: Capítulo de Livro
Idioma:tcheco
Assuntos:
Tags: Adicionar Tag
Sem tags, seja o primeiro a adicionar uma tag!

MARC

LEADER 00000naa a2200000 4500
001 0128714
005 20231019095430.0
041 0 |a cze 
044 |a CZ 
245 1 0 |a Principy nástroje affiliate programu  |c Vladan Hejnic 
520 |a Čo je affiliate marketing. Inzeráty a reklama na internete. Odmeny za klikanie na reklamy. Affiliate partneri ako obchodný tím. Chyby, ktorých sa dopúšťajú inzerenti v affiliate programe. Čo chýba na českom trhu. 
610 2 0 |a marketing 
610 2 0 |a počítače 
610 2 0 |a internet 
610 2 0 |a reklama 
610 2 0 |a inzercia 
610 2 0 |a predaj 
610 2 0 |a provízie 
100 1 |a Hejnic, Vladan